Catálogo público

Utilización de compuestos gluconeogénicos en la alimentación previa y posterior al empadre en cabras lecheras / Rolando Méndez Sánchez y Efraín Ovalle Vázquez (Record no. 217096)

MARC details
000 -CABECERA
campo de control de longitud fija 01357nam a2200301Ia 4500
001 - NÚMERO DE CONTROL
campo de control Z_6236
003 - IDENTIFICADOR DEL NÚMERO DE CONTROL
campo de control CHAP
005 - FECHA Y HORA DE LA ÚLTIMA TRANSACCIÓN
campo de control 20231030151554.0
008 - DATOS DE LONGITUD FIJA--INFORMACIÓN GENERAL
campo de control de longitud fija 220601s9999 xx 000 0 und d
040 ## - FUENTE DE LA CATALOGACIÓN
Centro catalogador/agencia de origen CHAP
090 ## - LOCALMENTE ASIGNADO TIPO-LC NÚMERO DE CLASIFICACIÓN (OCLC); NÚMERO DE CLASIFICACIÓN LOCAL (RLIN)
Número de clasificación (OCLC) (R) ; Numero de clasificación, CALL (RLIN) (NR) Tesis M46 2204
100 ## - ENTRADA PRINCIPAL--NOMBRE DE PERSONA
Nombre de persona Méndez Sánchez, Rolando
9 (RLIN) 76589
245 ## - MENCIÓN DE TÍTULO
Título Utilización de compuestos gluconeogénicos en la alimentación previa y posterior al empadre en cabras lecheras / Rolando Méndez Sánchez y Efraín Ovalle Vázquez
260 ## - PUBLICACIÓN, DISTRIBUCIÓN, ETC.
Lugar de publicación, distribución, etc. Chapingo, México: El autor
300 ## - DESCRIPCIÓN FÍSICA
Extensión 106 h.
502 ## - NOTA DE TESIS
Nota de tesis Tesis (Ingeniero Agrónomo Especialista en Zootecnia) -- UACh, 2011 \ Dirección: José Ayala Oseguera; asesoría: Eliseo Sosa Montes y José Melquiades Mónzon Armenta
650 ## - PUNTO DE ACCESO ADICIONAL DE MATERIA--TÉRMINO DE MATERIA
Término de materia o nombre geográfico como elemento de entrada 1. Ganado caprino
650 ## - PUNTO DE ACCESO ADICIONAL DE MATERIA--TÉRMINO DE MATERIA
Término de materia o nombre geográfico como elemento de entrada Glucosa - suplemento alimenticio
650 ## - PUNTO DE ACCESO ADICIONAL DE MATERIA--TÉRMINO DE MATERIA
Término de materia o nombre geográfico como elemento de entrada Propionato de calcio - suplemento alimenticio
650 ## - PUNTO DE ACCESO ADICIONAL DE MATERIA--TÉRMINO DE MATERIA
Término de materia o nombre geográfico como elemento de entrada Lasalocida - suplemento alimenticio
650 ## - PUNTO DE ACCESO ADICIONAL DE MATERIA--TÉRMINO DE MATERIA
Término de materia o nombre geográfico como elemento de entrada Parámetros productivos y reproductivos
9 (RLIN) 144251
700 ## - PUNTO DE ACCESO ADICIONAL--NOMBRE DE PERSONA
Nombre de persona I.Ovalle Vázquez, Efraín, coaut. \ Ayala Oseguera, José, director, \ Sosa Montes, Eliseo, asesor \ Mónzon Armenta, José Melquiades, asesorÌ
9 (RLIN) 183399
856 42 - LOCALIZACIÓN Y ACCESO ELECTRÓNICOS
Identificador Uniforme del Recurso <a href="http://10.13.5.2/tesis/114350.pdf">http://10.13.5.2/tesis/114350.pdf</a>
Texto de enlace Descargar PDF
901 ## - ELEMENTOS DE DATOS A LOCAL LDA (RLIN)
a TESIS M46 2204
902 ## - ELEMENTOS DE DATOS B LOCAL, LDB (RLIN)
a M
905 ## - ELEMENTOS DE DATOS E LOCAL, LDE (RLIN)
a 5232272011 mx lmn 8211113311spa16
942 ## - ELEMENTOS DE PUNTO DE ACCESO ADICIONAL (KOHA)
Tipo de ítem Koha Tesis_
Fuente del sistema de clasificación o colocación Dewey Decimal Classification
Holdings
Estado de retiro Estado de pérdida Fuente del sistema de clasificación o colocación Estado dañado Restricciones de uso No para préstamo Código de colección Localización permanente Ubicación/localización actual Fecha de adquisición Fuente de adquisición Total de préstamos Signatura topográfica completa Código de barras Fecha visto por última vez Número de copia Precio válido a partir de Tipo de ítem Koha
    Clasificación Universidad Autónoma de Chapingo   Préstamo 5 días   Tesis Zootecnia Zootecnia 03/07/2012 El autor   Tesis M46 2204 z_T 3846 02/06/2022 3 02/06/2022 Tesis
    Clasificación Universidad Autónoma de Chapingo     Excluido de préstamo Tesis Zootecnia Zootecnia 03/07/2012 El autor   Tesis M46 2204 z_T 3844 02/06/2022 1 02/06/2022 CD
    Clasificación Universidad Autónoma de Chapingo     Excluido de préstamo Tesis Zootecnia Zootecnia 03/07/2012 El autor   Tesis M46 2204 z_t 3845 02/06/2022 2 02/06/2022 CD